00292 a2200109 4500001000700000020000600007040001100013100002200024240006600046245006100112362000900173165347 a  cMagnum aBrunel University10aStudy uk 2000: business, law and social sciences editionlING10aStudy uk 2000: business, law and social sciences edition0 a1899